000 00736nam a2200265 a 4500
001 000107708
003 CHAP
005 20220329143940.0
008 131017s2013 mx |r ||||||spa d
010 _a104170
011 _a105142
020 _a9786073215480
040 _cCHAP
082 0 4 _a512.0076
_bC38
100 1 _aCedillo Ávalos, Tenoch E.
_9124436
245 1 0 _aDesarrollo del pensamiento algebraico /
_cpor Tenoch E. Cedillo Ávalos y Valentín Cruz Oliva.
260 _aMéxico :
_bPearson,
_c2013.
300 _axx, 268 p.
590 _aE11695DGD
_b10
_c20131017
_lUCH01
_h1434
650 1 4 _aAlgebra
_xManuales.
_93956
700 1 _aCruz Oliva, Valentín
_9124437
901 _aBK
942 _cLIBRO
942 _n0
999 _c104170
_d104170